000 00286 a2200121 4500
020 _a9789698535056
090 _c2061
_d2061
100 _aDr. Khan Nawar
245 _aTotal quality management
260 _aNUST Publishing Rawalpindi
300 _a304
942 _aNBS
_cBK
_k658.562 KHA
999 _c344564
_d344564